El Proceso de integración en América Latina en 1982 /

में बचाया:
ग्रंथसूची विवरण
निगमित लेखकों: Banco Interamericano de Desarrollo. Instituto para la Integración de América Latina, BID. INTAL
स्वरूप: मूलपाठ
प्रकाशित: Buenos Aires: INTAL
टैग: टैग जोड़ें
कोई टैग नहीं, इस रिकॉर्ड को टैग करने वाले पहले व्यक्ति बनें!

MARC

LEADER 00000 a a2200000 04500
001 24615
003
040
090 |a 169600  
110 |a Banco Interamericano de Desarrollo. Instituto para la Integración de América Latina  
245 |a El Proceso de integración en América Latina en 1982 /  |c Banco Interamericano de Desarrollo. Instituto para la Integración de América Latina  
260 |a Buenos Aires:   |b INTAL  
300 |a 333 p.   |b **no definido**  
710 |a BID. INTAL  
999 |c 10912  |d 10912